000 00532cam a2200217 4500
008 090401t1970 xxu||||| |||| 00| 0 eng d
020 _a041209830X
035 _a(Sirsi) u47671
041 _aeng
050 _a526.902462
100 _aPerrott, S.
245 _aSurveying for young engineers. Revised by A.L Allan
250 _a3rd
260 _aLondon
_bChapman & Hall
_c1970
300 _avii. 188p. ill. 22cm
350 _a1.25
700 _aWright, R.
700 _aAllan, A.L.
942 _n0
948 _c04/03/1997
999 _c92169
_d92169